Movies Quiz

Random Movies or Quote Quiz

Teas in Ramona Flowers' Cupboard Quiz Stats

 Plays Quiz not verified by Sporcle

Score 0/17 Timer 04:00
0 Plays Today
?? Tea % Correct
4SleepyTime
82.2%
17Earl Grey
82.2%
1Blueberry
80%
5Green Tea
77.8%
3Ginseng
68.9%
2Raspberry
64.4%
8Liver Disaster
64.4%
6Green Tea with Lemon
62.2%
7Green Tea with Lemon and Honey
60%
?? Tea % Correct
9Ginger with Honey
53.3%
10Ginger without Honey
53.3%
11Vanilla Almond
48.9%
16Constant Comment
48.9%
13Chamomile
44.4%
14Blueberry Chamomile
40%
15Vanilla Walnut
35.6%
12White Truffle Coconut
31.1%

You're not logged in!

Compare scores with friends on all Sporcle quizzes.
Join for Free
OR
Log In

You Might Also Like...

Show Comments

Extras

Top Quizzes Today


Score Distribution

Your Account Isn't Verified!

In order to create a playlist on Sporcle, you need to verify the email address you used during registration. Go to your Sporcle Settings to finish the process.

Report this User

Report this user for behavior that violates our Community Guidelines.

Details: